000 00734nam a2200205 i 4500
001 124059
003 ES-MaACL
005 20230906192317.0
007 t|
008 070214s1954 sp r ||||1| spa d
100 1 _aRankama, Kalervo.
_995424
245 1 0 _aGeoquímica /
_cKalervo Rankama, Th. G. Sahama ; traducción del inglés por Ignacio Bolivar Izquierdo ; nota preliminar de Gabriel Martín Cardoso, Isidro Parga Pondal.
260 _aMadrid :
_bAguilar,
_c1954.
300 _aXXIV, 862 p. ;
_c22 cm.
700 1 _aSahama, Th. G.
_9101475
700 1 _aMartín Cardoso, Gabriel.
_977430
700 1 _aParga Pondal, Isidro.
_989116
700 1 _aBolívar Izquierdo, Ignacio.
_9165377
852 _aES-MaACL
_jC-8022
_bR.36105
999 _c124059
_d124059